ბათუმის შოთა რუსთაველის სახელმწიფო უნივერსიტეტის ბიბლიოთეკა

Экономика и статистика фирм: (ბიბ.ჩანაწერი № 36940)

000 -LEADER
fixed length control field 01058nam a2200277Ia 4500
001 - CONTROL NUMBER
control field 2891
003 - CONTROL NUMBER IDENTIFIER
control field GE_BSU
005 - DATE AND TIME OF LATEST TRANSACTION
control field 20221102102044.0
008 - FIXED-LENGTH DATA ELEMENTS--GENERAL INFORMATION
fixed length control field 181216s1997ru xx |||||||||||||| ||rus||
020 ## - INTERNATIONAL STANDARD BOOK NUMBER
International Standard Book Number 5279017809
040 ## - CATALOGING SOURCE
Transcribing agency GE_BSU
041 ## - LANGUAGE CODE
Language code of text/sound track or separate title rus
080 ## - UNIVERSAL DECIMAL CLASSIFICATION NUMBER
Universal Decimal Classification number 338+311.4(075.8) Э-40
100 ## - MAIN ENTRY--PERSONAL NAME
Personal name Адамов, В.Е.
9 (RLIN) 15709
245 ## - TITLE STATEMENT
Title Экономика и статистика фирм:
Remainder of title учебник /
Statement of responsibility, etc. В.Е. Адамов, С.Д. Ильенкова,Т.П. Сиротина и др, ред. С.Д. Ильенковой
260 ## - PUBLICATION, DISTRIBUTION, ETC.
Place of publication, distribution, etc. 2-еизд
264 ## - PRODUCTION, PUBLICATION, DISTRIBUTION, MANUFACTURE, AND COPYRIGHT NOTICE
Place of production, publication, distribution, manufacture Москва ,
Date of production, publication, distribution, manufacture, or copyright notice 1997.
300 ## - PHYSICAL DESCRIPTION
Extent 240 с. :
Other physical details 21 см.
653 ## - INDEX TERM--UNCONTROLLED
keyword Экономика и статистика фирм
653 ## - INDEX TERM--UNCONTROLLED
keyword ფირმების ეკონომიკა და სტატისტიკა
700 ## - ADDED ENTRY--PERSONAL NAME
Personal name Адамов, В.Е.
9 (RLIN) 15710
700 ## - ADDED ENTRY--PERSONAL NAME
Personal name Ильенкова, С.Д.
9 (RLIN) 15711
700 ## - ADDED ENTRY--PERSONAL NAME
Personal name Сиротина, Т.П.
9 (RLIN) 15712
700 ## - ADDED ENTRY--PERSONAL NAME
Personal name Ильенковой, С.Д.
Relator term რედაქტორი
9 (RLIN) 15713
942 ## - ADDED ENTRY ELEMENTS (KOHA)
Koha item type წიგნი
Source of classification or shelving scheme
ეგზემპლარები
Withdrawn status Lost status Source of classification or shelving scheme Damaged status Not for loan Permanent Location Current Location Shelving location Date acquired Cost, normal purchase price Full call number Barcode Date last seen Copy number Price effective from Koha item type Public note
          ბათუმის შოთა რუსთაველის სახელმწიფო უნივერსიტეტის მთავარი ბიბლიოთეკა ბათუმის შოთა რუსთაველის სახელმწიფო უნივერსიტეტის მთავარი ბიბლიოთეკა წიგნსაცავი 2018-12-17 3.00 338+311.4(075.8) Э-40 7803 2018-12-17 7803 2018-12-17 წიგნი 3ლ.50თ.
          ბათუმის შოთა რუსთაველის სახელმწიფო უნივერსიტეტის მთავარი ბიბლიოთეკა ბათუმის შოთა რუსთაველის სახელმწიფო უნივერსიტეტის მთავარი ბიბლიოთეკა წიგნსაცავი 2018-12-17 3.00 338+311.4(075.8) Э-40 7804 2018-12-17 7804 2018-12-17 წიგნი 3ლ.50თ.
          ბათუმის შოთა რუსთაველის სახელმწიფო უნივერსიტეტის მთავარი ბიბლიოთეკა ბათუმის შოთა რუსთაველის სახელმწიფო უნივერსიტეტის მთავარი ბიბლიოთეკა წიგნსაცავი 2018-12-17 3.00 338+311.4(075.8) Э-40 8172 2018-12-17 8172 2018-12-17 წიგნი 3ლ.50თ.